| 000 | 00807nam a2200241 u 4500 | ||
|---|---|---|---|
| 001 | 63972 | ||
| 003 | Mx-PuUPA | ||
| 005 | 20260515114703.0 | ||
| 008 | 160220s2004 mx r 000 0 spa d | ||
| 020 | _a9788483223437 | ||
| 040 | _cMx-PuUPA | ||
| 041 | 1 |
_aspa _eeng |
|
| 082 | 0 | 4 |
_axxx _bM8218 _223 |
| 100 | 1 |
_aMorrison, Val, _eautor |
|
| 245 | 1 | 0 | _aPsicología de la salud |
| 264 | 1 |
_aMadrid, España : _bPearson Educación, _c2008 |
|
| 336 |
_atexto _2rdacontent |
||
| 337 |
_asin medio _2rdamedia |
||
| 338 |
_avolumen _2rdacarrier |
||
| 942 |
_2ddc _cLI |
||
| 999 |
_c63972 _d63972 |
||